书目信息 |
| 题名: |
法国大革命和拿破仑
|
|
| 作者: | 亨特 , 森瑟 著 ;董子云 译 | |
| 分册: | ||
| 出版信息: | 北京 中信出版集团股份有限公司 2020 |
|
| 页数: | 20,318页 | |
| 开本: | 21cm | |
| 丛书名: | ||
| 单 册: | ||
| 中图分类: | K565.41 | |
| 科图分类: | ||
| 主题词: | 法国大革命--研究 | |
| 电子资源: | ||
| ISBN: | 978-7-5217-1145-5 | |
| 000 | 01107nam0 2200253 450 | |
| 001 | 2144872936 | |
| 005 | 20211116122757.73 | |
| 010 | @a978-7-5217-1145-5@b精装@dCNY78.00 | |
| 100 | @a20200905d2020 em y0chiy50 ea | |
| 101 | 1 | @achi@ceng |
| 102 | @aCN@b110000 | |
| 105 | @aab z 000yy | |
| 200 | 1 | @a法国大革命和拿破仑@9fa guo da ge ming he na po lun@e现代世界的锻炉@dThe French Revolution and Napoleon@ecrucible of the modern world@f(美)林恩·亨特(Lynn Hunt),(美)杰克·R. 森瑟(Jack R. Censer)著@g董子云译@zeng |
| 210 | @a北京@c中信出版集团股份有限公司@d2020 | |
| 215 | @a20,318页@c图,地图@d21cm | |
| 330 | @a本书采用全球史范式重新书写了法国大革命的进程以及拿破仑帝国的兴亡,强调了大革命和拿破仑造成的全球效应,以及二者锻造出了一个怎样的现代世界。 | |
| 510 | 1 | @aFrench Revolution and Napoleon@ecrucible of the modern world@zeng |
| 606 | 0 | @a法国大革命@x研究 |
| 690 | @aK565.41@v5 | |
| 701 | 0 | @c(美)@a亨特@9heng te@c(Hunt, Lynn)@4著 |
| 701 | 0 | @c(美)@a森瑟@9sen se@c(Censer, Jack R.)@4著 |
| 702 | 0 | @a董子云@9dong zi yun@4译 |
| 801 | 0 | @aCN@b山东中教@c20211112 |
| 905 | @aZUCC@dK565.41@e4 | |
| 法国大革命和拿破仑:现代世界的锻炉=The French Revolution and Napoleon:crucible of the modern world/(美)林恩·亨特(Lynn Hunt),(美)杰克·R. 森瑟(Jack R. Censer)著/董子云译.-北京:中信出版集团股份有限公司,2020 |
| 20,318页:图,地图;21cm |
| ISBN 978-7-5217-1145-5(精装):CNY78.00 |
| 本书采用全球史范式重新书写了法国大革命的进程以及拿破仑帝国的兴亡,强调了大革命和拿破仑造成的全球效应,以及二者锻造出了一个怎样的现代世界。 |
| ● |
| 相关链接 |
|
|
|
正题名:法国大革命和拿破仑
索取号:K565.41/4
 
预约/预借
| 序号 | 登录号 | 条形码 | 馆藏地/架位号 | 状态 | 备注 |
| 1 | 2000886876 | 2000886876 | 第三书库/ [索取号:K565.41/4] | 在馆 | |
| 2 | 2000886877 | 2000886877 | 第三书库/ [索取号:K565.41/4] |
已借出,限还日期为2026.09.23 借出人:杜君芳 |
|
| 3 | 2000886878 | 2000886878 | 第三书库/ [索取号:K565.41/4] | 在馆 |